[Event "Challenge"]
[Site "http://www.queenalice.com/game.php?id=165578"]
[Date "2007.2.8"]
[Round "-"]
[White "KINGHUNT"]
[Black "Croftsy"]
[Result "1-0"]
[WhiteElo "1486"]
[BlackElo "1540"]

1. e4 d5 2. exd5 Qxd5 3. d4 Qe4+ 4. Be2 Qxg2 5. Bf3 Qg6 6. Nc3 Qe6+ 7. Be3 Qb6
8. b3 Qb4 9. Qd2 e6 10. O-O-O h6 11. Nge2 g6 12. Bf4 g5 13. Bxc7 Bd6 14. Bxd6
Qxd6 15. Ne4 Qa3+ 16. Kb1 f5 17. Nc5 Nc6 18. Bxc6+ bxc6 19. Qd3 Nf6 20. Qc4 Qa5
21. Nxe6 Bd7 22. Ng3 1-0

[Event "Challenge"]
[Site "http://www.queenalice.com/game.php?id=175768"]
[Date "2007.3.1"]
[Round "-"]
[White "KINGHUNT"]
[Black "Mikalus"]
[Result "0-1"]
[WhiteElo "1545"]
[BlackElo "1735"]

1. e4 c5 2. d4 cxd4 3. Nf3 e5 4. Bc4 Nf6 5. Nxe5 Qa5+ 6. Nc3 Qxe5 7. Ne2 Bc5 8.
O-O Ng4 9. Bf4 Qe7 10. Nxd4 Nf6 11. Nf5 Qf8 12. Re1 g6 13. Bd6 Bxd6 14. Nxd6+
Kd8 15. Nxf7+ Ke8 16. Nxh8 Qxh8 17. e5 Nh5 18. Bb5 Nc6 19. Bxc6 bxc6 20. h3 Nf4
21. Qd6 Ne6 22. c4 Qg7 23. b4 Qe7 24. Qxe7+ Kxe7 25. Re4 Bb7 26. Rh4 h5 27. f4
Rf8 28. Rf1 Ba6 29. f5 gxf5 30. Rxh5 Bxc4 31. Rf2 f4 32. Rh7+ Kd8 33. Rd2 Bd5
34. a4 Ng5 35. Rf2 Nxh7 36. Rb2 a6 37. b5 axb5 38. axb5 cxb5 39. Rxb5 Bc6 40.
Rb8+ Ke7 41. Rb1 Rg8 42. g4 fxg3 43. Re1 Ng5 44. h4 Nf3+ 0-1

[Event "Challenge"]
[Site "http://www.queenalice.com/game.php?id=175770"]
[Date "2007.3.1"]
[Round "-"]
[White "KINGHUNT"]
[Black "Verlager"]
[Result "0-1"]
[WhiteElo "1637"]
[BlackElo "1668"]

1. e4 b6 2. d4 Bb7 3. d5 Nf6 4. Bd3 c6 5. c4 cxd5 6. cxd5 e6 7. Nc3 Bb4 8. Ne2
exd5 9. exd5 Nxd5 10. Bd2 Nxc3 11. Bxc3 Bxc3+ 12. bxc3 O-O 13. O-O Nc6 14. Nf4
Qg5 15. g3 Qc5 16. Qc2 g6 17. Be4 Rae8 18. Bxc6 Qxc6 19. f3 Re3 20. Qg2 Rfe8 21.
Rac1 Rxc3 22. Rxc3 Qxc3 23. h4 Re1 24. Rxe1 Qxe1+ 25. Kh2 Qe3 26. Qh3 f5 27. h5
Qxf3 28. hxg6 Qh1# 0-1

[Event "Challenge"]
[Site "http://www.queenalice.com/game.php?id=175776"]
[Date "2007.3.1"]
[Round "-"]
[White "KINGHUNT"]
[Black "CHED"]
[Result "0-1"]
[WhiteElo "1465"]
[BlackElo "1824"]

1. e4 c5 2. Nf3 Nc6 3. Bc4 g6 4. c3 Bg7 5. d4 cxd4 6. cxd4 e6 7. O-O Nge7 8. e5
O-O 9. Bg5 d5 10. Bb5 Qb6 11. Bxc6 Nxc6 12. Bf6 Qxb2 13. Nbd2 Nxd4 14. Nxd4 Qxd4
15. Re1 Bd7 16. Qc2 Rac8 17. Qd1 Bxf6 18. exf6 Qxf6 19. Rb1 b5 20. Nb3 Rfd8 21.
Na5 Rc7 22. Nb3 Rdc8 23. Nd4 a6 24. h3 Rc4 25. Nf3 Be8 26. Ne5 Rc2 27. Re2 Rxe2
28. Qxe2 Qf5 29. Ra1 Rc2 30. Qe1 d4 31. a4 d3 32. Rd1 Re2 33. Qf1 Qxe5 34. axb5
Bxb5 35. f4 Qe3+ 36. Kh1 d2 37. Rb1 Re1 0-1

[Event "Challenge"]
[Site "http://www.queenalice.com/game.php?id=178620"]
[Date "2007.3.8"]
[Round "-"]
[White "kloosterveen"]
[Black "KINGHUNT"]
[Result "1/2-1/2"]
[WhiteElo "1663"]
[BlackElo "1503"]

1. d4 d5 2. c4 e6 3. e3 c5 4. g3 Nf6 5. Nc3 a6 6. Nf3 Bd6 7. cxd5 exd5 8. Bg2
O-O 9. O-O cxd4 10. Nxd4 Be6 11. Qb3 b5 12. Bd2 h6 13. Nxd5 Nxd5 14. Bxd5 Bxd5
15. Qxd5 Ra7 16. a3 Re8 17. b3 Be5 18. Qxd8 Rxd8 19. Rad1 Bxd4 20. exd4 Rxd4 21.
Be3 Rxd1 22. Bxa7 Rxf1+ 23. Kxf1 Nc6 24. Bc5 Ne5 25. f4 Nd3 26. b4 a5 27. Ke2
Nxc5 28. bxc5 Kf8 29. Kd3 Ke8 30. Kd4 Kd7 31. Kd5 Kc7 32. c6 b4 33. axb4 axb4
34. Kc4 b3 35. Kxb3 Kxc6 36. Kc4 Kd6 1/2-1/2

[Event "Challenge"]
[Site "http://www.queenalice.com/game.php?id=190766"]
[Date "2007.4.2"]
[Round "-"]
[White "Verlager"]
[Black "KINGHUNT"]
[Result "1-0"]
[WhiteElo "1859"]
[BlackElo "1486"]

1. b4 e5 2. Bb2 Bxb4 3. Bxe5 Nf6 4. Nf3 d6 5. Bb2 O-O 6. c3 Bc5 7. d4 Bb6 8. e3
Bg4 9. Bd3 Nbd7 10. Nbd2 h6 11. O-O c5 12. a4 a5 13. Rb1 cxd4 14. cxd4 Nd5 15.
Qb3 N7f6 16. Ba3 Rc8 17. Rfc1 Rxc1+ 18. Rxc1 Bd7 19. Bb5 Bxb5 20. Qxb5 Re8 21.
Nc4 Qc8 22. Nxb6 Nc7 23. Nxc8 Nxb5 24. axb5 d5 25. Nd6 Rb8 26. Ne5 Ne4 27. Rc7
Nxd6 28. Bxd6 b6 29. Nxf7 a4 30. Ba3 Rf8 31. Bxf8 Kxf8 32. Ne5 Ke8 33. Rxg7 Kd8
34. Ra7 Kc8 35. Rxa4 1-0

[Event "Challenge"]
[Site "http://www.queenalice.com/game.php?id=190801"]
[Date "2007.4.2"]
[Round "-"]
[White "Mikalus"]
[Black "KINGHUNT"]
[Result "1-0"]
[WhiteElo "1774"]
[BlackElo "1530"]

1. e4 e5 2. Nf3 Nf6 3. Nc3 d5 4. exd5 Bc5 5. Nxe5 O-O 6. d4 Bb4 7. Bc4 Bxc3+ 8.
bxc3 Nxd5 9. Qf3 Be6 10. Qg3 Qf6 11. O-O Nc6 12. Bxd5 Nxe5 13. dxe5 Qf5 14. Bxb7
Rab8 15. Bf3 g6 16. h3 Qxc2 17. Bh6 Rfd8 18. Bg5 Rd3 19. Bf6 Rxc3 20. Qh4 Kf8
21. Be7+ Ke8 22. Rfd1 Bd7 23. Bf6 Be6 24. Qxh7 Rd3 25. Rxd3 Qxd3 26. Qg8+ Kd7
27. Qxb8 Bc4 28. Rd1 Qxd1+ 29. Bxd1 Bxa2 30. Ba4+ Ke6 31. Qxc7 a6 32. Bc2 1-0

[Event "Challenge"]
[Site "http://www.queenalice.com/game.php?id=195327"]
[Date "2007.4.11"]
[Round "-"]
[White "KINGHUNT"]
[Black "bebop1"]
[Result "0-1"]
[WhiteElo "1507"]
[BlackElo "1738"]

1. e4 d5 2. exd5 Qxd5 3. d4 Nc6 4. c3 Nf6 5. Nd2 e5 6. Qe2 Bd6 7. Ngf3 O-O 8.
Qd3 h6 9. Be2 Re8 10. O-O e4 11. Nxe4 Nxe4 12. Nd2 Nxd2 13. Bxd2 Re6 14. Bf3 Qa5
15. c4 Qa6 16. d5 Ne5 17. Qe2 Nxf3+ 18. Qxf3 Rf6 19. Qb3 Bd7 20. h3 Re8 21. Bc3
Ba4 22. Bxf6 Bxb3 23. axb3 Bh2+ 24. Kxh2 Qxf6 25. Rxa7 Qb6 26. Ra3 Qd4 27. f4
Qxb2 28. Rfa1 Re2 29. Ra8+ Kh7 30. Rg1 Qxb3 31. Rb8 b6 32. Rc1 Qf3 33. Rg1 Qxf4+
34. Kh1 Qxc4 35. Rc8 Rd2 36. Rf8 Qxd5 37. Rc8 c5 38. Rb8 Rb2 39. Kh2 Qe5+ 40.
Kh1 Qxb8 41. Rf1 Qa8 42. Rxf7 Qxg2# 0-1

[Event "Challenge"]
[Site "http://www.queenalice.com/game.php?id=205608"]
[Date "2007.5.3"]
[Round "-"]
[White "KINGHUNT"]
[Black "markp"]
[Result "0-1"]
[WhiteElo "1483"]
[BlackElo "1686"]

1. e4 e5 2. Nf3 d5 3. exd5 Qxd5 4. d4 exd4 5. Nxd4 Bc5 6. c3 Bh3 7. f3 Bxd4 8.
cxd4 Bd7 9. Nc3 Qf5 10. Bd3 Qe6+ 11. Be4 f5 12. O-O fxe4 13. Nxe4 Na6 14. Re1
O-O-O 15. Ng5 Qd5 16. a3 Nf6 17. Bf4 Rhe8 18. Be5 h6 19. Bxf6 Rxe1+ 20. Qxe1
gxf6 21. Ne4 Qxd4+ 22. Kh1 Re8 23. b4 f5 24. Rd1 Qb2 25. Rb1 Qxa3 26. b5 fxe4
27. bxa6 Qxa6 28. fxe4 Bc6 29. Ra1 Rxe4 30. Qc1 Qe2 31. h3 Rg4 32. Qf1 Bxg2+ 0-1

[Event "Tech's challenge"]
[Site "http://www.queenalice.com/game.php?id=205992"]
[Date "2007.5.4"]
[Round "-"]
[White "technicaldraw"]
[Black "KINGHUNT"]
[Result "1/2-1/2"]
[WhiteElo "2096"]
[BlackElo "1483"]

1. e4 e5 2. Nf3 Nf6 3. Nc3 d5 4. exd5 Nxd5 5. Nxd5 Qxd5 6. b3 Bg4 7. Be2 Nc6 8.
Bb2 Bd6 9. O-O O-O 10. c4 Qc5 11. d4 exd4 12. Nxd4 Bxe2 13. Nxe2 Be5 14. Bxe5
Qxe5 15. Ng3 Rad8 16. Qe1 h6 17. Qxe5 Nxe5 18. Rfe1 Ng4 19. Rad1 1/2-1/2

[Event "Challenge"]
[Site "http://www.queenalice.com/game.php?id=208602"]
[Date "2007.5.9"]
[Round "-"]
[White "KINGHUNT"]
[Black "Mikalus"]
[Result "0-1"]
[WhiteElo "1462"]
[BlackElo "1733"]

1. d4 d5 2. c4 Nf6 3. cxd5 Nxd5 4. Nf3 e6 5. e4 Bb4+ 6. Bd2 Bxd2+ 7. Nbxd2 Nf4
8. g3 Ng6 9. Bc4 a6 10. O-O b5 11. Bb3 Nd7 12. e5 Bb7 13. a4 c6 14. Ne4 O-O 15.
Nd6 Qc7 16. Ng5 c5 17. Nxb7 Qxb7 18. Bc2 cxd4 19. Bxg6 fxg6 20. Qg4 Rae8 21.
Nxe6 Rf7 22. Nxd4 Nxe5 23. Qd1 Rd8 24. Qe2 Re7 25. f4 Nc4 26. Qd3 Qb6 27. axb5
axb5 28. Qb3 Qxd4+ 29. Kh1 Re2 30. Qxb5 Qe4+ 0-1

[Event "Challenge"]
[Site "http://www.queenalice.com/game.php?id=215291"]
[Date "2007.5.23"]
[Round "-"]
[White "KINGHUNT"]
[Black "captainslog"]
[Result "1-0"]
[WhiteElo "1488"]
[BlackElo "1646"]

1. e4 Nf6 2. e5 Nd5 3. d4 c5 4. Nf3 e6 5. Bc4 Nb6 6. b3 Nxc4 7. bxc4 Nc6 8. O-O
d5 9. cxd5 Nxd4 10. Nxd4 cxd4 11. Qxd4 b6 12. d6 f6 13. f4 Bb7 14. Rd1 Kf7 15.
Nc3 Rc8 16. Bb2 h5 17. Nb5 h4 18. h3 Rh5 19. Nc7 Qxc7 20. dxc7 Bc5 21. Qxc5 bxc5
22. Rd7+ Kg6 23. g4 hxg3 24. Kf1 Rxh3 25. Ke2 g2 26. Rg1 Rh1 27. Rxg2+ Bxg2 28.
Bc3 Bc6 29. Re7 Rhh8 30. exf6 Rhe8 31. Rxg7+ Kf5 32. f7 Rf8 33. Be5 Be8 34. Ke3
Rxf7 35. Rg5# 1-0

[Event "Challenge"]
[Site "http://www.queenalice.com/game.php?id=219425"]
[Date "2007.6.1"]
[Round "-"]
[White "KINGHUNT"]
[Black "valerie973"]
[Result "1-0"]
[WhiteElo "1452"]
[BlackElo "1558"]

1. e4 d5 2. exd5 Qxd5 3. d4 e5 4. Nf3 Bg4 5. Be2 exd4 6. Nxd4 f5 7. Bxg4 Qxg2 8.
Bf3 Qh3 9. Bxb7 c6 10. Bxa8 Qg2 11. Qe2+ Be7 12. Qf1 Qe4+ 13. Be3 f4 14. Nd2 Bb4
15. c3 Bxc3 16. bxc3 fxe3 17. Nxe4 1-0

[Event "Challenge"]
[Site "http://www.queenalice.com/game.php?id=220603"]
[Date "2007.6.4"]
[Round "-"]
[White "KINGHUNT"]
[Black "DEI_RCR"]
[Result "1-0"]
[WhiteElo "1525"]
[BlackElo "1610"]

1. e4 e5 2. Nf3 Nc6 3. d4 exd4 4. Nxd4 Nxd4 5. Qxd4 d6 6. Bc4 Nh6 7. Bxh6 f6 8.
Qd5 Qe7 9. Be3 c6 10. Qd3 Qe5 11. Nc3 d5 12. exd5 c5 13. Bb5+ Bd7 14. O-O a6 15.
Bxd7+ Kxd7 16. Rfe1 Re8 17. Bd2 Qh5 18. Rxe8 Kxe8 19. Re1+ Kf7 20. d6 b5 21. d7
Bd6 22. Qxd6 Kg6 23. d8=Q Rxd8 24. Qxd8 Kf5 25. Qd7+ Kg6 26. Qe8+ Kf5 27. Qxh5+
g5 28. f4 b4 29. g4# 1-0

[Event "Challenge"]
[Site "http://www.queenalice.com/game.php?id=225006"]
[Date "2007.6.14"]
[Round "-"]
[White "KINGHUNT"]
[Black "PaulB42"]
[Result "1-0"]
[WhiteElo "1556"]
[BlackElo "1665"]

1. e4 e5 2. Nf3 Nc6 3. Bc4 Be7 4. d4 exd4 5. Nxd4 Ne5 6. Nd2 Bc5 7. c3 Qe7 8.
O-O d6 9. Qe2 Qg5 10. N2f3 Qe7 11. Nxe5 dxe5 12. Nf5 Qf6 13. Be3 Bxe3 14. fxe3
Bxf5 15. Rxf5 Qd6 16. Bxf7+ Kd8 17. Rd1 Ne7 18. Rxe5 Rf8 19. Rxd6+ cxd6 20. Re6
Rxf7 21. Rxd6+ Ke8 22. Qb5+ Nc6 23. Re6+ Re7 24. Rxe7+ Kxe7 25. Qxb7+ 1-0

[Event "Challenge"]
[Site "http://www.queenalice.com/game.php?id=228168"]
[Date "2007.6.20"]
[Round "-"]
[White "KINGHUNT"]
[Black "JCruz"]
[Result "0-1"]
[WhiteElo "1586"]
[BlackElo "1778"]

1. e4 c5 2. Nf3 d6 3. d4 cxd4 4. Nxd4 Nf6 5. Nc3 a6 6. Bc4 e6 7. O-O Be7 8. h3
O-O 9. Bg5 Nxe4 10. Bxe7 Nxc3 11. bxc3 Qxe7 12. Re1 Qc7 13. Qd3 Nd7 14. Bb3 Ne5
15. Qe3 Bd7 16. a4 Rac8 17. Ne2 d5 18. Rad1 Nc4 19. Bxc4 Qxc4 20. a5 Qc5 21. Ra1
Qxe3 22. fxe3 Bb5 23. Ra3 Bxe2 24. Rxe2 Rc4 25. Rb3 Rb8 26. Re1 Ra4 27. Reb1
Rxa5 28. Rxb7 Rxb7 29. Rxb7 g6 30. Rc7 Ra1+ 31. Kh2 Rc1 32. Rc8+ Kg7 33. Ra8
Rxc2 34. Rxa6 Rxc3 35. Ra4 Rxe3 36. h4 e5 37. g3 d4 38. Kg2 Re2+ 39. Kf3 d3 40.
Ra1 e4+ 41. Kf4 d2 42. Rd1 f5 43. g4 e3 44. gxf5 gxf5 45. Kxf5 Rf2+ 46. Ke4 e2
47. Rxd2 e1=Q+ 0-1

[Event "Challenge"]
[Site "http://www.queenalice.com/game.php?id=240786"]
[Date "2007.7.16"]
[Round "-"]
[White "KINGHUNT"]
[Black "mustangmike"]
[Result "1/2-1/2"]
[WhiteElo "1585"]
[BlackElo "1784"]

1. e4 e5 2. Nf3 Nc6 3. Bc4 h6 4. O-O Nf6 5. d3 a6 6. c3 Bd6 7. Qb3 O-O 8. h3 b5
9. Bd5 Na5 10. Qc2 c6 11. Bb3 Nh5 12. d4 Nf6 13. dxe5 Bc5 14. exf6 Qxf6 15. Be3
Bd6 16. Bd4 Qe7 17. Nbd2 c5 18. e5 Bc7 19. Bxc5 Qxc5 20. Ne4 Qe7 21. Rfe1 Nc6
22. Nd6 Bxd6 23. exd6 Qxd6 24. Rad1 Qc5 25. Qd3 d6 26. Rc1 a5 27. Bc2 g6 28. Nh4
Ne5 29. Qe4 Be6 30. a3 f5 31. Qe2 Rae8 32. Qd2 g5 33. Nf3 Nxf3+ 34. gxf3 f4 35.
Qd3 Bf5 36. Bb3+ Kh7 37. Qd2 Bxh3 38. Bc2+ Kg7 39. b4 axb4 40. axb4 Qc6 41. Be4
Qd7 42. Qd4+ Rf6 43. Bd3 Rxe1+ 44. Rxe1 h5 45. Bf1 Bxf1 46. Rxf1 Kg6 47. Ra1 h4
48. Qd3+ Kh5 49. Qf1 Rg6 50. Qd3 h3 51. Kh2 g4 52. Rg1 Rg5 53. fxg4+ Rxg4 54.
Qd5+ Kh4 55. Qf3 Qf5 56. Qxh3+ Kg5 57. Rxg4+ Qxg4 58. f3 Qxh3+ 59. Kxh3 Kf5 60.
Kh4 Ke5 61. Kg4 Kd5 62. Kxf4 Kc4 63. Ke4 d5+ 64. Ke5 Kxc3 65. Kxd5 Kxb4 66. Kd4
Ka4 67. Kc3 b4+ 68. Kb2 Kb5 69. Kb3 Kc5 70. f4 Kd5 71. Kxb4 Ke4 72. Kc3 Kxf4 73.
Kd4 Kg5 1/2-1/2

[Event "Challenge"]
[Site "http://www.queenalice.com/game.php?id=240787"]
[Date "2007.7.16"]
[Round "-"]
[White "KINGHUNT"]
[Black "Delferrer"]
[Result "1-0"]
[WhiteElo "1594"]
[BlackElo "1641"]

1. e4 e5 2. Nf3 d6 3. Bc4 Bg4 4. Nc3 c6 5. O-O Nf6 6. h3 Bh5 7. Be2 Bg6 8. d3
Nbd7 9. Bg5 Be7 10. d4 O-O 11. dxe5 dxe5 12. Bc4 b5 13. Bxf6 Bxf6 14. a3 Nc5 15.
Bd3 Rb8 16. b4 Nxd3 17. cxd3 Qd7 18. a4 a6 19. axb5 axb5 20. Qd2 Rfd8 21. Rad1
Be7 22. Nxe5 Qe6 23. f4 f5 24. Nxg6 Qxg6 25. Rde1 Bh4 26. Re3 Re8 27. exf5 Qxf5
28. Qa2+ Kh8 29. Rxe8+ Rxe8 30. Ne4 Rd8 31. Ng5 Rd7 32. Qa8+ 1-0

[Event "Challenge"]
[Site "http://www.queenalice.com/game.php?id=248300"]
[Date "2007.7.30"]
[Round "-"]
[White "KINGHUNT"]
[Black "PaulB42"]
[Result "0-1"]
[WhiteElo "1574"]
[BlackElo "1686"]

1. e4 e5 2. Nf3 Nc6 3. Bc4 Nf6 4. Ng5 d5 5. exd5 Na5 6. d3 Bc5 7. O-O O-O 8. Be3
Bxe3 9. fxe3 Ng4 10. Qf3 Nxc4 11. dxc4 Qxg5 12. Re1 Nxh2 13. Qh3 Bxh3 14. Kxh2
Qxg2# 0-1

[Event "Challenge"]
[Site "http://www.queenalice.com/game.php?id=249331"]
[Date "2007.8.1"]
[Round "-"]
[White "PaulB42"]
[Black "KINGHUNT"]
[Result "0-1"]
[WhiteElo "1682"]
[BlackElo "1559"]

1. e4 e5 2. Nf3 Nf6 3. Nxe5 d6 4. Nc4 Nxe4 5. Qe2 Qe7 6. Ne3 Be6 7. Qb5+ c6 8.
Qa4 d5 9. d3 Nc5 10. Qa5 Qg5 11. Nd2 Bd6 12. Nf3 Qf6 13. b4 b6 14. Qa3 Qxa1 15.
bxc5 Bxc5 16. Qb2 Qxb2 17. Bxb2 d4 18. Nxd4 Bxd4 19. Bxd4 O-O 20. Be2 Na6 21.
O-O Nb4 22. Bf3 Rac8 23. a3 Nd5 24. c4 Nxe3 25. Bxe3 c5 26. a4 Bf5 27. Rd1 Rfd8
28. Bb7 Rb8 29. Bd5 Bd7 30. Bg5 Bxa4 31. Ra1 Re8 32. g3 b5 33. cxb5 Bxb5 34.
Rxa7 Re1+ 35. Kg2 Be8 36. Bf4 Rd8 37. Be4 c4 38. Ra3 cxd3 39. Bxd3 Bc6+ 40. f3
h6 41. Rc3 Kh8 42. g4 Rd1 43. Rxc6 R1xd3 44. Be5 f6 45. Bc7 Rc8 46. h4 Rd7 47.
g5 Rcxc7 48. Rxc7 Rxc7 49. g6 h5 50. f4 f5 51. Kg1 Rc6 0-1

[Event "Challenge"]
[Site "http://www.queenalice.com/game.php?id=266834"]
[Date "2007.9.4"]
[Round "-"]
[White "mustangmike"]
[Black "KINGHUNT"]
[Result "1-0"]
[WhiteElo "1679"]
[BlackElo "1614"]

1. e4 e5 2. Nf3 Nf6 3. Nxe5 d6 4. Nf3 Nxe4 5. d3 Nxf2 6. Kxf2 d5 7. Be3 Bg4 8.
Kg1 d4 9. Bf2 Bc5 10. Qe1+ Be6 11. a3 O-O 12. b4 Bb6 13. c3 Re8 14. Qd2 dxc3 15.
Nxc3 Bg4 16. Be2 Nc6 17. h3 Bxf3 18. Bxf3 Nd4 19. Qd1 Nf5 20. Ne2 Bxf2+ 21. Kxf2
Qh4+ 22. Kg1 Ne3 23. Qe1 Qg5 24. Qg3 Qxg3 25. Nxg3 c6 26. Kh2 Nc2 27. Ra2 Nd4
28. Bg4 h6 29. Nf5 Nxf5 30. Bxf5 g6 31. Bg4 h5 32. Bd1 Rad8 33. Rd2 b6 34. Bf3
c5 35. bxc5 bxc5 36. Bc6 Re6 37. Bb5 a5 38. Bc4 Re7 39. Rb2 a4 40. Rb5 Rc8 41.
Ra5 Rb8 42. Rxc5 Rb2 43. Rf1 Kg7 44. Ra5 Ree2 45. Rxf7+ Kh6 46. Bd5 Red2 47. Be4
Rb1 48. Ra6 h4 49. Rxg6+ Kh5 50. Rh7# 1-0

[Event "Challenge"]
[Site "http://www.queenalice.com/game.php?id=266835"]
[Date "2007.9.4"]
[Round "-"]
[White "KINGHUNT"]
[Black "twisty_neil"]
[Result "0-1"]
[WhiteElo "1585"]
[BlackElo "1738"]

1. e4 e5 2. Nf3 Nc6 3. Bc4 Nf6 4. Ng5 d5 5. exd5 Nxd5 6. Nxf7 Kxf7 7. Qf3+ Ke8
8. Bxd5 Qd7 9. Bxc6 bxc6 10. O-O g5 11. Qh5+ Qf7 12. Qe2 Bd6 13. d4 g4 0-1

[Event "Challenge"]
[Site "http://www.queenalice.com/game.php?id=273088"]
[Date "2007.9.17"]
[Round "-"]
[White "KINGHUNT"]
[Black "duck"]
[Result "0-1"]
[WhiteElo "1589"]
[BlackElo "1884"]

1. e4 c5 2. Nf3 a6 3. Bc4 e6 4. d4 cxd4 5. Qxd4 Nc6 6. Qd2 b5 7. Bb3 Bb7 8. c3
Bc5 9. O-O Nge7 10. h3 Ng6 11. Qd3 O-O 12. Bg5 Qc7 13. Nbd2 Nce5 14. Nxe5 Nxe5
15. Qe2 h6 16. Bf4 d6 0-1